000 00451nam a22001577a 4500
003 OSt
005 20260325073114.0
008 260325b |||||||| |||| 00| 0 eng d
040 _aDWCL GS lib
_cOC
082 _aPB 398.2 C614 [n.d]
245 _a5 Minutes Tales :
_b11 Classic Tales
300 _a24 pages:
_billustrations
_c28cm.
546 _aEnglish
650 _afairy tale
942 _2ddc
_cSC
_hPB 398.2 C614 [n.d]
_n0
999 _c9277
_d9277